000 00326nam a2200133Ia 4500
005 20260328104304.0
008 260328s9999||||xx |||||||||||||| ||und||
100 _aRousseau, Jacques
245 0 _aEl Contrato Social /
_cJacques Rousseau
260 _bSarpe
300 _a200 p.
650 _aCIENCIAS POLITICAS
942 _cBK
999 _c10703
_d10703